00267nam a2200097 a 450000500170000000800410001705000170005824500430007565000090011865000420012720141022142000.0090305s19uu xx 00 eng d aVHSbA1 1996 aAdvance Care Skills: Isolation Skills. aVHS. aAdvance Care Skills: Isolation Skills